| 000 | 01211cam a2200289 i 4500 | ||
|---|---|---|---|
| 003 | SA-RiAUC | ||
| 005 | 20241202131942.0 | ||
| 008 | 241120s1969 le g 00100 ara c | ||
| 040 |
_aSA-JeALM _bara _cSA-RiAUC _erda |
||
| 043 | _aa-le--- | ||
| 082 | 0 | 4 |
_a346.566 _qSA-RiAUC |
| 090 |
_a346.566 ع ي د _b346.566 ع ي د |
||
| 100 | 1 |
_aعيد، إدوار _eمؤلف. |
|
| 245 | 1 | 2 |
_aالشركات التجارية : _bمبادئ عامة، شركات الأشخاص / _cإدوارد عيد. |
| 264 | 1 |
_a[مكان النشر غير محدد] : _b[الناشر غير محدد]، _c1969 |
|
| 264 | 3 |
_aبيروت : _bمطبعة النجوى |
|
| 300 |
_a588 صفحة ؛ _c24 سم |
||
| 336 |
_aنص _btxt _2rdacontent _3كتاب |
||
| 337 |
_aبدون وسيط _bn _2rdamedia |
||
| 338 |
_aمجلد _bnc _2rdacarrier |
||
| 500 | _aيشتمل على كشافات. | ||
| 650 | 7 |
_aالشركات _xقوانين وتشريعات _zلبنان _2aucsh |
|
| 650 | 7 |
_aشركات الأشخاص _xقوانين وتشريعات _zلبنان _2aucsh |
|
| 650 | 7 |
_aالشركات المساهمة _xقوانين وتشريعات _zلبنان _2aucsh |
|
| 942 |
_2ddc _cBOOK _n0 |
||
| 949 |
_aSA-JeALM _d241120 _umohamedma123 _n1 |
||
| 999 |
_c2926 _d2926 |
||